000 00333nam a2200145Ia 4500
005 20240807062420.0
008 240806s9999||||xx |||||||||||||| ||eng||
041 _aeng
100 _aVimal Mitra
245 0 _aPatrani /
_cVimal Mitra
260 _bSanmarg Prakashan Delhi
300 _a0
650 _aGeneral Studies
942 _cBK
999 _c18310
_d18310